LEADER 02797nam0 2200553 i 450 001 VAN0126784 005 20230626020746.552 017 70$2N$a9783030346409 100 $a20200217d2019 |0itac50 ba 101 $aeng 102 $aCH 105 $a|||| ||||| 200 1 $aComplex Analysis, Riemann Surfaces and Integrable Systems$fSergey M. Natanzon 210 $aCham$cSpringer$d2019 215 $axiii, 139 p.$cill.$d24 cm 410 1$1001VAN0124545$12001 $aMoscow Lectures$1210 $aCham [etc.]$cSpringer$v3 500 1$3VAN0236713$aKompleksnyy analiz, Rimanovy poverkhnosti i integriruyemyye sistemy$92572918 606 $a30C35$xGeneral theory of conformal mappings [MSC 2020]$3VANC019784$2MF 606 $a30F10$xCompact Riemann surfaces and uniformization [MSC 2020]$3VANC021405$2MF 606 $a32G15$xModuli of Riemann surfaces, Teichmüller theory (complex-analytic aspects in several variables) [MSC 2020]$3VANC029253$2MF 606 $a37K10$xCompletely integrable infinite-dimensional Hamiltonian and Lagrangian systems, integration methods, integrability tests, integrable hierarchies (KdV, KP, Toda, etc.) [MSC 2020]$3VANC029281$2MF 606 $a37K20$xRelations of infinite-dimensional Hamiltonian and Lagrangian dynamical systems with algebraic geometry, complex analysis, and special functions [MSC 2020]$3VANC035241$2MF 610 $aAbel theorem$9KW:K 610 $aAlgebraic curves$9KW:K 610 $aAlgebro-geometric solutions of KP$9KW:K 610 $aBaker-Akhiezer function$9KW:K 610 $aConformal mappings to disk$9KW:K 610 $aDispersionless 2D Toda hierarchy$9KW:K 610 $aFuchsian groups$9KW:K 610 $aHarmonic Functions$9KW:K 610 $aKadomtsev-Petviashvili (KP) hierarchy$9KW:K 610 $aMeromorphic functions$9KW:K 610 $aModuli of Riemann surfaces$9KW:K 610 $aRiemann surfaces$9KW:K 610 $aRiemann theorem$9KW:K 610 $aRiemann-Roch Theorem$9KW:K 610 $aTheta functions$9KW:K 610 $aWeierstrass points$9KW:K 620 $aCH$dCham$3VANL001889 700 1$aNatanzon$bSergey M.$3VANV098189$0781296 712 $aSpringer $3VANV108073$4650 801 $aIT$bSOL$c20240614$gRICA 856 4 $uhttp://doi.org/10.1007/978-3-030-34640-9$zE-book ? Accesso al full-text attraverso riconoscimento IP di Ateneo, proxy e/o Shibboleth 899 $aBIBLIOTECA DEL DIPARTIMENTO DI MATEMATICA E FISICA$1IT-CE0120$2VAN08 912 $fN 912 $aVAN0126784 950 $aBIBLIOTECA DEL DIPARTIMENTO DI MATEMATICA E FISICA$d08CONS e-book 1538 $e08eMF1538 20200217 996 $aKompleksnyy analiz, Rimanovy poverkhnosti i integriruyemyye sistemy$92572918 997 $aUNICAMPANIA LEADER 01901nam0 22004453i 450 001 VAN00268538 005 20240806101525.665 017 70$2N$a9781461381778 100 $a20231206d1982 |0itac50 ba 101 $aeng 102 $aUS 105 $a|||| ||||| 200 1 $aCalvin C. Elgot$eSelected Papers$fEdited by Stephen L. Bloom$gWith a foreword by Dana S. Scott and ?a glimpse back? by Samuel Eilenberg 210 $aNew York$cSpringer-Verlag$d1982 215 $axxiv, 460 p.$cill.$d24 cm 606 $a01A65$xContemporary [MSC 2020]$3VANC025163$2MF 606 $a01A75$xCollected or selected works; reprintings or translations of classics [MSC 2020]$3VANC021493$2MF 606 $a62-XX$xStatistics [MSC 2020]$3VANC022998$2MF 606 $a62M07$xNon-Markovian processes: hypothesis testing [MSC 2020]$3VANC033730$2MF 610 $aAlgebra$9KW:K 610 $aAlgorithms$9KW:K 610 $aAutomata$9KW:K 610 $aComputer Science$9KW:K 610 $aEquations$9KW:K 610 $aProgramming$9KW:K 610 $aProgramming languages$9KW:K 620 $aUS$dNew York$3VANL000011 700 1$aElgot$bCalvin C.$3VANV220510$4340$046470 702 1$aBloom$bStephen L.$3VANV220511 702 1$aEilenberg$bSamuel$3VANV043710 702 1$aScott$bDana S.$3VANV214789 712 $aSpringer $3VANV108073$4650 801 $aIT$bSOL$c20250829$gRICA 856 4 $uhttps://doi.org/10.1007/978-1-4613-8177-8$zE-book ? Accesso al full-text attraverso riconoscimento IP di Ateneo, proxy e/o Shibboleth 899 $aBIBLIOTECA DEL DIPARTIMENTO DI MATEMATICA E FISICA$1IT-CE0120$2VAN08 912 $fN 912 $aVAN00268538 950 $aBIBLIOTECA DEL DIPARTIMENTO DI MATEMATICA E FISICA$d08DLOAD e-book 7582 $e08eMF7582 20231211 996 $aCalvin C. Elgot$93643941 997 $aUNICAMPANIA